| 000 | 00447nam a22001577a 4500 | ||
|---|---|---|---|
| 005 | 20260211152121.0 | ||
| 008 | 260210b |||||||| |||| 00| 0 eng d | ||
| 020 | _a978-0-749-39666-4 | ||
| 050 | _aPQ 4865 .C6 E26 | ||
| 100 | _aECO, UMBERTO | ||
| 245 | _aTHE ISLAND OF THE DAY BEFORE | ||
| 260 |
_aLONDON, _bVINTAGE BOOKS, _c1996 |
||
| 300 | _a515 P, ILL | ||
| 650 | _a1. HISTORICAL FICTION 2. SHIPWRECK SURVIVAL- FICTION | ||
| 942 |
_2lcc _cBK |
||
| 999 |
_c216570 _d216570 |
||